To BE Or Not to BEE (Record no. 11915)

MARC details
000 -LEADER
fixed length control field 00290nam a22001217a 4500
008 - FIXED-LENGTH DATA ELEMENTS--GENERAL INFORMATION
fixed length control field 211124b ||||| |||| 00| 0 eng d
020 ## - INTERNATIONAL STANDARD BOOK NUMBER
International Standard Book Number 9789351503149
050 ## - LIBRARY OF CONGRESS CALL NUMBER
Classification number 650
Item number 1
245 ## - TITLE STATEMENT
Title To BE Or Not to BEE
260 ## - PUBLICATION, DISTRIBUTION, ETC. (IMPRINT)
Place of publication, distribution, etc. New Delhi
Name of publisher, distributor, etc. SAGE Publications
Date of publication, distribution, etc. 2015
300 ## - PHYSICAL DESCRIPTION
Extent 1
942 ## - ADDED ENTRY ELEMENTS (KOHA)
Source of classification or shelving scheme Dewey Decimal Classification
Koha item type BOOK
Holdings
Withdrawn status Lost status Source of classification or shelving scheme Damaged status Not for loan Home library Current library Shelving location Date acquired Total Checkouts Total Renewals Full call number Barcode Date last seen Date last checked out Price effective from Koha item type
    Dewey Decimal Classification     Good Samaritan School Library Good Samaritan School Library Management 11/24/2021 2 1 650 MIT17182 11/16/2022 11/04/2022 11/24/2021 BOOK

Powered by Koha